Prevencia a dôslednosť kľúčové piliere pri riešení pohľadávok

Rozhovor s Martinom Musilom, konateľom spoločnosti Intrum Justitia Slovakia s. r. o., o tom, prečo mnohé spoločnosti strácajú schopnosť splácať svoje záväzky. Ako postupovať v situácii pri vymáhaní podlžnosti.

Na minha lista:
Detalhes bibliográficos
Autor principal: Musil, Martin
Formato: Capítulo de Livro
Idioma:eslovaco
Assuntos:
Tags: Adicionar Tag
Sem tags, seja o primeiro a adicionar uma tag!

MARC

LEADER 00000naa a2200000 4500
001 0224328
005 20230912114844.4
041 0 |a slo 
044 |a SK 
245 1 0 |a Prevencia a dôslednosť kľúčové piliere pri riešení pohľadávok  |c Martin Musil 
520 |a Rozhovor s Martinom Musilom, konateľom spoločnosti Intrum Justitia Slovakia s. r. o., o tom, prečo mnohé spoločnosti strácajú schopnosť splácať svoje záväzky. Ako postupovať v situácii pri vymáhaní podlžnosti. 
610 2 0 |a rozhovor 
610 2 0 |a spoločnosti 
610 2 0 |a firmy 
610 2 0 |a záväzky 
610 2 0 |a pohľadávky 
610 2 0 |a riadenie finančné 
610 2 0 |a solventnosť 
610 2 0 |a vymáhanie pohľadávok 
100 1 |a Musil, Martin